| 000 | 00438nam a2200169Ia 4500 | ||
|---|---|---|---|
| 001 | 17414 | ||
| 003 | IN-NITTTR | ||
| 005 | 20251114233205.0 | ||
| 008 | 251113s9999||||xx |||||||||||||| ||eng|| | ||
| 040 | _beng | ||
| 040 | _cIN-NITTTR | ||
| 041 | _aeng | ||
| 082 | _a370.285 P753E | ||
| 100 | _aPogrow, Stanley | ||
| 245 | 0 |
_aEducation in the computer age : _b issues of policy, practice, and reform / _cPogrow, Stanley |
|
| 942 |
_2ddc _cBK |
||
| 999 |
_c20048 _d20048 |
||